Drowning fish / (Record no. 93107)

MARC details
000 -LEADER
fixed length control field 00516nam a22001817a 4500
005 - DATE AND TIME OF LATEST TRANSACTION
control field 20150602162733.0
010 ## - LCCN (DPL NO)
LC control number ENG-112735
020 ## - INTERNATIONAL STANDARD BOOK NUMBER
International Standard Book Number 9789350098905
Terms of availability 399.00
035 ## - SYSTEM CONTROL NUMBER
System control number EN-96267
037 ## - SOURCE OF ACQUISITION
Source of stock number/acquisition DBAD/PUB
082 ## - DEWEY DECIMAL CLASSIFICATION NUMBER
Classification number N
100 ## - MAIN ENTRY--PERSONAL NAME
Personal name Swati Chanda
245 ## - TITLE STATEMENT
Title Drowning fish /
Statement of responsibility, etc by Swati Chanda
260 ## - PUBLICATION, DISTRIBUTION, ETC. (IMPRINT)
Place of publication, distribution, etc Gurgaon
Name of publisher, distributor, etc Hachette Book Publishing
Date of publication, distribution, etc 2015
270 ## - ADDRESS
Address 4th & 5th Floors, Corporate Centre, Plot No.94, Sector-44,
City Gurgaon
Postal code 122003
300 ## - PHYSICAL DESCRIPTION
Extent 326p.
Dimensions 21cm(pbk)
942 ## - ADDED ENTRY ELEMENTS (KOHA)
Source of classification or shelving scheme Dewey Decimal Classification
Item type English Books
Call number suffix SWA
Classification part N
Holdings
Withdrawn status Lost status Not for loan Collection code Home library Current library Date acquired Source of acquisition Cost, normal purchase price Full call number Barcode Copy number Cost, replacement price Koha item type
    Not For Loan Fiction D.B.Act.Division D.B.Act.Division 22/04/2015 DBAD/PUB 399.00 N SWA EN-96267 1 399.00 English Books

© Delhi Public Library
Hit Counter
free hit counter